|
|
|
|
| LEADER |
01001nam a2200253 a 4500 |
| 001 |
18817 |
| 003 |
BD-DhAAL |
| 008 |
090715s1992 enk b 001 0 eng d |
| 010 |
|
|
|a 92107194
|
| 020 |
|
|
|a 1856490432 (hb) :
|c $65.77
|
| 020 |
|
|
|a 1856490440 (pb)
|
| 040 |
|
|
|a DLC
|c DLC
|d BD-DhAAL
|
| 082 |
0 |
0 |
|a 338.90014
|2 20
|
| 245 |
1 |
4 |
|a The Development dictionary :
|b a guide to knowledge as power /
|c edited by Wolfgang Sachs.
|
| 260 |
|
|
|a London ;
|a Atlantic Highlands, N.J. :
|b Zed Books,
|c 1992 [twelfth impression 2007].
|
| 300 |
|
|
|a 306 pages ;
|c 23 cm.
|
| 504 |
|
|
|a Includes bibliographical references and index.
|
| 541 |
1 |
|
|e 18817
|
| 650 |
|
0 |
|a Economic development
|x Terminology.
|9 54615
|
| 700 |
1 |
|
|a Sachs, Wolfgang.
|9 54616
|
| 852 |
4 |
|
|a Ayesha Abed Library
|c General Stacks
|
| 942 |
|
|
|2 ddc
|c BK
|
| 999 |
|
|
|c 2459
|d 2459
|
| 952 |
|
|
|0 0
|1 0
|2 ddc
|4 0
|6 338_900000000000000_0014_DEV
|7 0
|9 2275
|a BIGD
|b BIGD
|c GEN
|d 2009-07-15
|l 0
|o 338.90014 DEV
|p 3050018817
|r 2009-07-15
|t 1
|w 2009-07-15
|y BK
|x Transferred from BDI to BIGD.
|